| 000 | 01520cam a22003497a 4500 | ||
|---|---|---|---|
| 999 |
_c330718 _d330718 |
||
| 001 | 15777161 | ||
| 003 | NUST | ||
| 005 | 20180709083526.0 | ||
| 008 | 090616r20091975enk b 001 0aeng | ||
| 010 | _a 2009024745 | ||
| 020 |
_a9780415473736 (hb) _cRs. 1037 |
||
| 020 | _a041547373X (hb) | ||
| 020 | _a9780203864999 (eb) | ||
| 038 | _aArshad | ||
| 040 |
_aDLC _cDLC _dDLC |
||
| 043 | _ae-uk-en | ||
| 050 | 0 | 0 |
_aB1649.R94 _bA3 2009 |
| 082 |
_a921 _bRUS |
||
| 100 | 1 |
_aRussell, Bertrand, _d1872-1970. _91985 |
|
| 245 | 1 | 0 |
_aAutobiography / _cBertrand Russell. |
| 260 |
_aLondon ; _aNew York : _bRoutledge, _c2009. |
||
| 300 |
_axvi, 746 p. ; _c22 cm. |
||
| 490 | 0 | _aRoutledge classics | |
| 500 | _aOriginally published: London : George Allen & Unwin Ltd., 1975. | ||
| 504 | _aIncludes bibliographical references and index. | ||
| 505 | 0 | _aIntroduction -- 1872-1914 -- Prologue: What I have lived for -- Childhood -- Adolescence -- Cambridge -- Engagement -- First marriage -- 'Principia mathematica' -- Cambridge again -- 1914-1944 -- The first war -- Russia -- China -- Second marriage -- Later years of Telegraph House -- America, 1938-1944 -- 1944-167 -- Return to England -- At home and abroad -- Trafalgar Square -- The foundation. | |
| 600 | 1 | 0 |
_aRussell, Bertrand, _d1872-1970. _91985 |
| 650 | 0 |
_aPhilosophers _zEngland _vBiography. _93701 |
|
| 906 |
_a7 _bcbc _corignew _d1 _eecip _f20 _gy-gencatlg |
||
| 942 |
_2ddc _cBK |
||